000 00344 a2200133 4500
001 157366
040 _cEscola São Tomás de Aquino
100 _aBREZINA, Thomas
240 1 0 _aQuem vai achar o tesouro de Van Gogh?
_lpor
245 1 0 _aQuem vai achar o tesouro de Van Gogh?
440 1 _aÁtica
697 _a*LITERATURA JUVENIL
942 _cBK
999 _c157366
_d157366